000 00644nam a22001815i 4500
001 154846
003 ES-MaACL
005 20230906205857.0
008 040712q18251865fr a |||| | fre d
040 _aCAM
_bspa
_cCAM
100 1 _aGuérin, Léon.
_9127681
245 1 4 _aLes enfants du peuple ou Les fils de leurs oeuvres /
_cpar Léon Guérin.
260 _aParis :
_bV\pe\s Louis Janet libraire,
_c[s.a.] (
_fImprimerie de Ducessois)
300 _a[6], 192 p., [6] h. de lám. :
_bil. ;
_c16 cm.
596 _aProbablemente fechado entre 1830 y 1865.
740 4 1 _aLes fils de leurs oeuvres.
852 _aES-MaACL
_jD-3817
_z-- Sin enc.
999 _c154846
_d154846